| 000 | 00716nam a22001937a 4500 | ||
|---|---|---|---|
| 999 |
_c19846 _d19846 |
||
| 003 | AR-CdUCM | ||
| 008 | 190522b ||||| |||| 00| 0 spa d | ||
| 040 |
_aMUNICIPALIDAD PROVINCIAL DEL CUSCO _cBIBLIOTECA MUNICIPAL DEL CUSCO |
||
| 082 |
_a633.85 / _bM33 |
||
| 100 |
_aManzzani, Bruno _941487 |
||
| 245 | _aPlantas oleaginosas | ||
| 260 |
_aVenezuela : _bSalvat, _c1963. |
||
| 300 |
_a433 PƔginas ; _bIlustraciones, _c22 cm. |
||
| 505 | _aContenido: Las plantas como productoras de grasa -- Labiadas oleaginosas -- PedaliƔceas oleaginosas -- Palmas oleaginosas ... | ||
| 650 |
_aPlantas productoras de grasa _941488 |
||
| 650 |
_aPlantas oleaginosas _941489 |
||
| 942 |
_2ddc _cLIBROS |
||
| 945 |
_aAndy _d2019-05-22 |
||